|
|
|
|
| LEADER |
03016nam a2200661 a 4500 |
| 001 |
nkc20132464713 |
| 003 |
CZ PrNK |
| 005 |
20130708114334.0 |
| 007 |
ta |
| 008 |
130529s2012 xr abhif 000 0 cze |
| 015 |
|
|
|a cnb002464713
|
| 020 |
|
|
|a 978-80-87311-30-1
|q (váz.)
|
| 035 |
|
|
|a (OCoLC)852383447
|
| 040 |
|
|
|a ABA001
|b cze
|
| 041 |
1 |
|
|a cze
|a ger
|h cze
|
| 043 |
|
|
|a e-au---
|a e-xr---
|b e-xr-cc
|2 czenas
|
| 045 |
|
|
|a t-u-
|
| 072 |
|
7 |
|a 639.2/.6
|x Rybářství
|2 Konspekt
|9 24
|
| 080 |
|
|
|a 626.88
|2 MRF
|
| 080 |
|
|
|a 639.311
|2 MRF
|
| 080 |
|
|
|a 639.3
|2 MRF
|
| 080 |
|
|
|a 929.732
|2 MRF
|
| 080 |
|
|
|a 94(437.31-13)
|2 MRF
|
| 080 |
|
|
|a 94(436.2)
|2 MRF
|
| 080 |
|
|
|a (048.8:082)
|2 MRF
|
| 245 |
0 |
0 |
|a Ryby a lidé :
|b Rožmberkové a rybníkářství na jihu Čech a ve Waldviertlu = Fische und Menschen : die Rosenberger und die Teichwirtschaft in Südböhmen und im Waldviertel /
|c editoři Aleš Stejskal, Helena Stejskalová
|
| 246 |
3 |
0 |
|a Rožmberkové a rybníkářství na jihu Čech a ve Waldviertlu
|
| 246 |
3 |
0 |
|a Rosenberger und die Teichwirtschaft in Südböhmen und im Waldviertel
|
| 246 |
3 |
1 |
|a Fische und Menschen
|
| 260 |
|
|
|a V Českých Budějovicích :
|b Jihočeské muzeum v Českých Budějovicích,
|c 2012
|
| 300 |
|
|
|a 256 s. :
|b il. (převážně barev.), mapy, faksim., erby ;
|c 25 cm
|
| 504 |
|
|
|a Obsahuje bibliografie a bibliografické odkazy
|
| 546 |
|
|
|a Souběžný německý text
|
| 600 |
3 |
7 |
|a Rožmberkové (rod)
|7 jx20060323037
|2 czenas
|
| 648 |
|
7 |
|a 16.-17. století
|7 ch757028
|2 czenas
|
| 650 |
0 |
7 |
|a rybníkářství
|7 ph125361
|z Česko
|y 16.-17. století
|2 czenas
|
| 650 |
0 |
7 |
|a rybníkářství
|7 ph125361
|z Rakousko
|y 16.-17. století
|2 czenas
|
| 650 |
0 |
7 |
|a chov ryb
|7 ph134819
|z Česko
|y 16.-17. století
|2 czenas
|
| 650 |
0 |
7 |
|a chov ryb
|7 ph134819
|z Rakousko
|y 16.-17. století
|2 czenas
|
| 650 |
0 |
7 |
|a šlechtické rody
|7 ph127826
|z Česko
|y 16.-17. století
|2 czenas
|
| 650 |
0 |
9 |
|a fish-culture
|z Czechia
|y 16th-17th centuries
|2 eczenas
|
| 650 |
0 |
9 |
|a fish-culture
|z Austria
|y 16th-17th centuries
|2 eczenas
|
| 650 |
0 |
9 |
|a fish keeping
|z Czechia
|y 16th-17th centuries
|2 eczenas
|
| 650 |
0 |
9 |
|a fish keeping
|z Austria
|y 16th-17th centuries
|2 eczenas
|
| 650 |
0 |
9 |
|a house of nobility
|z Czechia
|y 16th-17th centuries
|2 eczenas
|
| 651 |
|
7 |
|a Čechy jižní (Česko)
|7 ge131648
|x dějiny
|y 16.-17. století
|2 czenas
|
| 651 |
|
7 |
|a Waldviertel (Rakousko)
|7 ge131397
|x dějiny
|y 16.-17. století
|2 czenas
|
| 651 |
|
9 |
|a Bohemia, Southern (Czechia)
|x history
|y 16th-17th centuries
|2 eczenas
|
| 651 |
|
9 |
|a Waldviertel Region (Austria)
|x history
|y 16th-17th centuries
|2 eczenas
|
| 655 |
|
7 |
|a kolektivní monografie
|7 fd501537
|2 czenas
|
| 655 |
|
9 |
|a collective monographs
|2 eczenas
|
| 700 |
1 |
|
|a Stejskal, Aleš,
|d 1966-2023
|7 js20020122001
|4 edt
|
| 700 |
1 |
|
|a Chrastinová, Helena,
|d 1974-
|7 jx20080911037
|4 edt
|
| 910 |
2 |
|
|a BOA001
|b 2-1305.673
|
| 990 |
|
|
|a BK
|
| 995 |
|
|
|a 01
|
| 991 |
|
|
|b 201306
|c NOV
|e n
|
| 996 |
6 |
|
|b 2610550767
|c 2-1305.673
|l MZK
|r Sklad / do 1 hodiny
|n 5
|p p.v.
|w 001331580
|u 000010
|a 1
|e BOA001
|j MZK50
|s P
|